000 00649nam a2200157 4500
006 230622b |||||||| |||| 00| 0 eng d
007 9783039216123
008 230622b |||||||| |||| 00| 0 eng d
050 _aRC 662.4
_b.D54 2019
245 _aDiet and Immune Function/
_cEdited by lizabeth A Miles, Philip Calder, Caroline E Childs
260 _a[Erscheinungsort nicht ermittelbar] :
_bMDPI - Multidisciplinary Digital Publishing Institute,
_c2019
300 _avii,303p. :
_bill. ;
_c27cm
504 _aIncludes Biblio. Ref.
650 _aImmunologic diseases
_vAllergy
_xMedicine
942 _2lcc
_cBOOKS
_hRC 662.4 .D54 2019
999 _c31625
_d31625